Les pays d'Amérique par ordre alphabétique - Statistiques

Statistiques générales
  • Ce quiz a été pris 262 fois
  • Le résultat moyen est 29 sur 35
Statistiques - réponses
Hint Réponse % Correct
A Argentine
91%
J Jamaïque
87%
P Paraguay
87%
U Uruguay
87%
V Venezuela
87%
H Honduras
86%
N Nicaragua
86%
P Pérou
86%
R-D République Dominicaine
86%
C Canada
85%
B Bolivie
84%
B Brésil
84%
M Mexique
84%
C Chili
83%
C Colombie
83%
E Equateur
83%
G Guatemala
83%
C Cuba
82%
P Panama
82%
E Etats-Unis
81%
A Antigua-et-Barbuda
80%
C Costa Rica
80%
G Guyana
80%
H Haïti
80%
S-L Sainte-Lucie
80%
S Suriname
80%
B Belize
79%
B Bahamas
78%
B Barbade
78%
D Dominique
77%
S-V Saint-Vincent-et-les-Grenadines
77%
S Salvador
77%
S-C Saint-Christophe-et-Nièves
76%
T Trinité-et-Tobago
68%
G Grenade
67%
Aucun quiz correspondant
Distribution des résultats
% des personnes avec chaque résultat
Percentile par nombre de réponses
Votre historique - résultats
Vous n’avez pas pris ce quiz